| 000 | 00627nam a2200229Ia 4500 | ||
|---|---|---|---|
| 008 | 160803s9999 xx 000 0 und d | ||
| 020 | _a9780399232022 | ||
| 100 | _aShapiro, Arnold L. | ||
| 245 | _aMice squeak, we speak / | ||
| 245 | _c[illustrated by] Tomie dePaola ; poem by Arnold L. Shapiro. | ||
| 260 | _aNew York : | ||
| 260 | _bScholastic Inc. | ||
| 260 | _c1934 | ||
| 300 | _a1 volume (unpaged) : | ||
| 300 | _bcolor illustrations ; | ||
| 300 | _c26 cm. | ||
| 650 | _aAnimal sounds - | ||
| 650 | _aAnimals.; Animal sounds - | ||
| 650 | _xFiction. | ||
| 650 | _xJuvenile poetry. | ||
| 700 | _aBR | ||
| 999 |
_c299441 _d299441 |
||